1456 1314 1410 1801 1681 1000 1143 1559 1498 1568 1779 1302 1988 1936 1256 1915 1658 1181 1184 1715 1784 1358 1928 1060 1429 1882 2000 1802 1426 1693 1430 1395 1836 1156 1558 1885 1587 1269 1160 1939 1959 1798 1004 1946 1337 1113 1246 1856 1083 1101 1883 1984 1229 1983 1583 1979 1743 1501 1376 1178 1085 1480 1800 1412 1347 1525 1500 1699 1762 1118 1604 1887 1874 1094 1835 1963 1564 1250 1778 1246 1176 1354 1280 1406 1735 1387 1622 1684 1662 1746 1050 1416 1149 1979 1328 1051 1997 1181 1458 BCNSPRNW ULIB Ver.6.0+V

เปลี่ยนเป็นภาษาไทย

Change to English
 แสดงรายละเอียดบรรณานุกรม
  กลับหน้าหลัก

Brief Record : Get Marc (ISO 2709) : E-mail record : QR code < ปิดหน้าต่าง
LEADER : 00000nam a2200000Ia 4500
001    13399125526
003     ULIB
008    160727s2558 th a 000 0 tha d
020    ^a9786163202420
040    ^abrv
060 04 ^aWF553^bร721
245 00 ^aรู้เท่าทันโรคภูมิแพ้ โรคหืดและอาการผิดปกติในระบบหายใจ /^cคณะบรรณาธิการ สนพ., เรียบเรียง
260    ^aกรุงเทพฯ :^bยูโรปา เพรส,^c2558
300    ^a288 หน้า :^bภาพประกอบ ;^c21 ซม.
650  4 ^aทางเดินหายใจ^xโรค
650  4 ^aภูมิแพ้
650  4 ^aภูมิแพ้^xการป้องกันและควบคุม
650  4 ^aภูมิแพ้^xการรักษา
650  4 ^aระบบหายใจ^xโรค
650  4 ^aระบบหายใจ^xโรค^xการป้องกันและควบคุม
650  4 ^aหืด
650  4 ^aหืด^xการป้องกันและควบคุม
650  4 ^aหืด^xการรักษา
710 2  ^aคณะบรรณาธิการ สนพ.
945    ^p230^l0^i25203
995    ^aกัณชพร
999    ^aกัณชพร
รายการนี้ยังไม่มีแท็ก
คุณยังไม่ได้ล็อกอิน คุณสามารถมีกิจกรรมร่วมกับเว็บไซต์ได้ แต่ต้องล็อกอินก่อน ::
  ล็อกอิน

รายการสื่อสารสนเทศ

ลำดับที่ ประเภท เลขเรียก/บาร์โค้ด สถานที่ สถานะ
1. หนังสือสำรอง
หนังสือสำรอง
WF553 ร721 ฉ.1 
  Barcode: 25203
ห้องสมุดวิทยาเขตนครสวรรค์
►ส่วนจัดเก็บหนังสือเก่า นว.
บนชั้น
  ขอยืม

รายการใกล้เคียง
    หัวเรื่อง [ภูมิแพ้]
    หัวเรื่อง [หืด]

BibComment


ยังไม่เคยถูกคอมเมนท์

คอมเมนท์ทรัพยากรรายการนี้
  คอมเมนท์: รู้เท่าทันโรคภูม..


 Copyright 2026. Bcnsprnw @Library